LEADER 01325nam0 22003011i 450 001 UON00449917 005 20231205105037.4 010 $a978-06-911383-0-5 100 $a20150127d2007 |0itac50 ba 101 $aeng 102 $aUS 105 $a|||| ||||| 200 1 $aBounding power$eRepublican security theory from the polis to the global village$fDaniel Ddeudney 210 $aPrinceton$aLondon$cPrinceton University Press$d2007 215 $aXVI, 391 p.$d24 cm. 606 $aSicurezza Internazionale$3UONC021328$2FI 620 $aGB$dOxford$3UONL000029 620 $aUS$dPrinceton$3UONL000074 676 $a355.03$cSCIENZA MILITARE. Situazione e politica militare$v20 700 1$aDEUDNEY$bDaniel H.$3UONV226176$0713657 712 $aPrinceton University Press$3UONV245813$4650 801 $aIT$bSOL$c20250530$gRICA 899 $aSIBA - SISTEMA BIBLIOTECARIO DI ATENEO$2UONSI 912 $aUON00449917 950 $aSIBA - SISTEMA BIBLIOTECARIO DI ATENEO$dSI A 0119 $eSI 13142 5 0119 $sBuono 951 $aSIBA - SISTEMA BIBLIOTECARIO DI ATENEO$bSI2015463 1J 20150127 996 $aBounding power$91329568 997 $aUNIOR LEADER 03274nam 22005651 450 001 9910568186003321 005 20250224172618.0 010 $a9789004504271 010 $a9004504273 024 7 $a10.1163/9789004504271 035 $a(CKB)5700000000083551 035 $a(oapen)https://directory.doabooks.org/handle/20.500.12854/81808 035 $a(MiAaPQ)EBC31218818 035 $a(Au-PeEL)EBL31218818 035 $a(nllekb)BRILL9789004504271 035 $a(oapen)doab81808 035 $a(EXLCZ)995700000000083551 100 $a20220201d2022 uy 0 101 0 $aeng 135 $aurmn|---annan 181 $ctxt$2rdacontent 182 $cc$2rdamedia 183 $acr$2rdacarrier 200 14$aThe Religion and Rituals of the Nomads of Pre-Islamic Arabia $eA Reconstruction Based on the Safaitic Inscriptions /$fAhmad Al-Jallad 205 $aFirst edition. 210 $cBrill$d2022 210 1$aLeiden;$aBoston :$cBrill,$d2022. 215 $a1 electronic resource (164 pages) 225 1 $aAncient Languages and Civilizations ;$v1 311 08$a9789004504264 311 08$a9004504265 320 $aIncludes bibliographical references and index. 327 $aPreface -- List of Illustrations -- Sigla -- 1 Introduction -- 1 Religion and the Inscriptions of the Pre-Islamic Nomads: From Thamudic B to Safaitic -- 2 Scope and Methodology -- 2 Rites -- 1 Animal Sacrifice -- 2 Erection of the n?b Stone -- 3 The Ritual Shelter -- 4 The Pilgrimage -- 5 Ritual Purity -- 6 Offerings -- 7 Vows and Oaths -- 8 Sacred Water -- 3 Divinities and Their Roles in the Lives of Humans -- 1 Location of the Deities -- 2 The Gadds -- 3 The Gods and Their Worshippers -- 4 Sin, Obedience, and Repentance? -- 5 Malignant Magic -- 4 Fate -- 5 Afterlife -- 1 Burial Installations -- 2 Invoking the Names of the Dead -- 6 Visual Representation of Deities and the Divine World -- 7 Amplification and Why Write -- 8 Worldview-A Reconstruction -- Appendix 1: Glossary of Divinities -- Appendix 2: Previously Unpublished Inscriptions -- Bibliography -- Index. 330 $aThis book approaches the religion and rituals of the pre-Islamic Arabian nomads using the Safaitic inscriptions. Unlike Islamic-period literary sources, this material was produced by practitioners of traditional Arabian religion; the inscriptions are eyewitnesses to the religious life of Arabian nomads prior to the spread of Judaism and Christianity across Arabia. The author attempts to reconstruct this world using the original words of its inhabitants, interpreted through comparative philology, pre-Islamic and Islamic-period literary sources, and the archaeological context. 410 0$aAncient Languages and Civilizations ;$v1. 517 3 $aA Reconstruction Based on the Safaitic Inscriptions 606 $aReligion$xPhilosophy 606 $aReligion 606 $aReligion$xStudy and teaching 615 0$aReligion$xPhilosophy. 615 0$aReligion. 615 0$aReligion$xStudy and teaching. 676 $a210 700 $aAl-Jallad$b Ahmad$01111062 801 0$bNL-LeKB 801 1$bNL-LeKB 906 $aBOOK 912 $a9910568186003321 996 $aThe Religion and Rituals of the Nomads of Pre-Islamic Arabia$93027569 997 $aUNINA